000 00300nam a22001337a 4500
008 170905b xxu||||| |||| 00| 0 eng d
020 _a9781557784841
041 _aeng
080 _a070
100 _a40
101 _aMED
245 _aWRITING EFFECTIVE SPEECHES
_cEHRLICH.H
942 _2udc
_cBK
999 _c26114
_d26114